Countries ending with -land - Statistics

General Stats
  • This quiz has been taken 378 times
  • The average score is 5 of 7
Answer Stats
Continent Answer % Correct
Europe Finland
79%
Europe Iceland
76%
Europe Poland
74%
Europe Ireland
67%
Oceania New Zealand
64%
Europe Switzerland
59%
Asia Thailand
53%
No matching quizzes found
Score Distribution
Percent of People with Each Score
Percentile by Number Answered
Your Score History
You have not taken this quiz